000
00299 a2200133 4500
999
_c
324945
_d
324945
001
89872
003
NUST
082
_a
813.54 BRO
100
_a
Brown Dan
_9
9885
245
_a
Inferno
_h
English
260
_a
London
_b
Bantam Press
_c
2013
300
_a
x,461p.
500
_a
General Books
942
_a
CAE NUST
_c
BK
_k
813.54 BRO
_2
ddc